000 00599nam a22001817a 4500
003 UA-OsUOA
001 15724
007 ta
008 20031204b un ||||| |||| 00| 0 ukr d
100 _aЛітова Л.
942 _cSA
040 _aUA-OsUOA
_cUA-OsUOA
_dUA-OsUOA
245 _aВіват, "Одек"!: [ Про футбол. команду із смт Оржів Рівнен. р-ну "Одек"]
300 _aС.6
955 _a0
773 0 _w0
_tВісті Рівненщини
_dРівне
_d2003
_g№94 /14 листоп./
650 7 _aКраєзнавча робота
_2UDC
999 _c301889
_d301889